Welcome to CU Library Online Public Access Catalogue (OPAC)

Human dilemmas in work organizations : (Record no. 5792)

MARC details
000 -LEADER
fixed length control field 01267pam a2200277 a 4500
001 - CONTROL NUMBER
control field 4889713
005 - DATE AND TIME OF LATEST TRANSACTION
control field 20250515160522.0
008 - FIXED-LENGTH DATA ELEMENTS--GENERAL INFORMATION
fixed length control field 931005s1994 nyua b 001 0 eng
020 ## - INTERNATIONAL STANDARD BOOK NUMBER
International Standard Book Number 0898624789 (acidfree paper)
050 00 - LIBRARY OF CONGRESS CALL NUMBER
Classification number HF5549
Item number .H7823 1994
082 00 - DEWEY DECIMAL CLASSIFICATION NUMBER
Classification number 658.3
Edition information 20
245 00 - TITLE STATEMENT
Title Human dilemmas in work organizations :
Remainder of title strategies for resolution /
Statement of responsibility, etc. Abraham K. Korman and associates.
260 ## - PUBLICATION, DISTRIBUTION, ETC.
Place of publication, distribution, etc. New York :
Name of publisher, distributor, etc. Guilford,
Date of publication, distribution, etc. c1994.
300 ## - PHYSICAL DESCRIPTION
Extent xii, 292 p. :
Other physical details ill. ;
Dimensions 24 cm.
440 #4 - SERIES STATEMENT/ADDED ENTRY--TITLE
Title The Professional practice series
500 ## - GENERAL NOTE
General note "A publication sponsored by the Society for Industrial and Organizational Psychology, Inc."--T.p. verso.
650 #0 - SUBJECT ADDED ENTRY--TOPICAL TERM
Topical term or geographic name entry element Personnel management
General subdivision Case studies.
650 #0 - SUBJECT ADDED ENTRY--TOPICAL TERM
Topical term or geographic name entry element Psychology, Industrial
General subdivision Case studies.
650 #0 - SUBJECT ADDED ENTRY--TOPICAL TERM
Topical term or geographic name entry element Organizational change
General subdivision Case studies.
700 1# - ADDED ENTRY--PERSONAL NAME
Personal name Korman, Abraham K.,
Dates associated with a name 1933-
856 42 - ELECTRONIC LOCATION AND ACCESS
Materials specified Contributor biographical information
Uniform Resource Identifier <a href="http://www.loc.gov/catdir/bios/guilford051/93039742.html">http://www.loc.gov/catdir/bios/guilford051/93039742.html</a>
856 42 - ELECTRONIC LOCATION AND ACCESS
Materials specified Publisher description
Uniform Resource Identifier <a href="http://www.loc.gov/catdir/description/guilford051/93039742.html">http://www.loc.gov/catdir/description/guilford051/93039742.html</a>
856 41 - ELECTRONIC LOCATION AND ACCESS
Materials specified Table of contents
Uniform Resource Identifier <a href="http://www.loc.gov/catdir/toc/guilford041/93039742.html">http://www.loc.gov/catdir/toc/guilford041/93039742.html</a>
856 41 - ELECTRONIC LOCATION AND ACCESS
Materials specified Sample text
Uniform Resource Identifier <a href="http://www.loc.gov/catdir/enhancements/fy0651/93039742-s.html">http://www.loc.gov/catdir/enhancements/fy0651/93039742-s.html</a>
942 ## - ADDED ENTRY ELEMENTS (KOHA)
Source of classification or shelving scheme Library of Congress Classification
Koha item type Books
Suppress in OPAC No
999 ## -
-- 5792
-- 5792
Holdings
Withdrawn status Lost status Source of classification or shelving scheme Damaged status Not for loan Collection Home library Current library Shelving location Date acquired Total checkouts Full call number Barcode Date last seen Copy number Price effective from Koha item type Public note
    Library of Congress Classification     Non-fiction Graduate Library (Christ Temple) Graduate Library (Christ Temple) General stacks 02/12/2026   HF 5549...HUM GSCT00002353 02/12/2026 1 02/12/2026 Books EAQ
    Library of Congress Classification     Non-fiction Undergraduate Library (Christ Temple) Undergraduate Library (Christ Temple) General stacks 05/15/2025   HF5549 HUM ulct00002413 05/15/2025 1 05/15/2025 Books  
© 2023-2024 Copyright: Central University Libraries. All Rights Reserved | Created by: Mahone Tech Office